You'd Hear It on That Game Show Quiz Stats

 Plays Quiz Updated Sep 26, 2015

Challenge
Share
Tweet
Embed
Score 0/20 Timer 05:00
4 Plays Today
% Correct
Down
96.8%
Stand
90.5%
Answer
90%
Tribe
89%
Survey
87.5%
Eliminated
87.2%
Is
87%
E
81.5%
Name
79.8%
Bachelor
78.1%
% Correct
Hall
69%
Match
68.3%
Circle
66.2%
Crossword
65.4%
Points
64.9%
Sign
62.9%
Secret
52.7%
Bed
47.3%
Packing
33.1%
Knowledge
30.4%

You're not logged in!

Compare scores with friends on all Sporcle quizzes.
Join for Free
OR
Log In

You Might Also Like...

Show Comments

Extras

Top Quizzes Today


Score Distribution

Your Account Isn't Verified!

In order to create a playlist on Sporcle, you need to verify the email address you used during registration. Go to your Sporcle Settings to finish the process.

Report this User

Report this user for behavior that violates our Community Guidelines.

Details: